00380nam a2200133Ia 4500100002100000942000700021654001200028245003500040260003600075300000800111546001200119999001700131952009800148 aWagener& Arthur  cBK amachine aTheory & Practice Machine Shop bAffilated East West Pressc2001 a306 aENGLISH c23993d23993 001040708AFTaCRCEbCRCEd2023-03-17g8.00l0o pAFT462r2023-03-17v8.00w2023-03-17yBK